Efektívne medzinárodné marketingové stratégie firiem v procese ich penetrácie na nové teritóriá dizertačná práca
Gespeichert in:
| 1. Verfasser: | |
|---|---|
| Körperschaft: | |
| Weitere Verfasser: | |
| Format: | Buch |
| Sprache: | Slowakisch |
| Veröffentlicht: |
Bratislava
2017
|
| Schlagworte: | |
| Tags: |
Keine Tags, Fügen Sie das erste Tag hinzu!
|
MARC
| LEADER | 00000nbm a2200000 4500 | ||
|---|---|---|---|
| 001 | 0234298 | ||
| 005 | 20230302104104.8 | ||
| 041 | 0 | |a slo | |
| 044 | |a SK | ||
| 245 | 1 | 0 | |a Efektívne medzinárodné marketingové stratégie firiem v procese ich penetrácie na nové teritóriá |b dizertačná práca |c Hana Petríková ; školiteľ: Otília Zorkóciová |
| 264 | 1 | |a Bratislava |c 2017 | |
| 300 | |a 197 s. | ||
| 610 | 2 | 0 | |a firmy |
| 610 | 2 | 0 | |a stratégia marketingová |
| 610 | 2 | 0 | |a stratégia podniková |
| 610 | 2 | 0 | |a podnikanie medzinárodné |
| 610 | 2 | 0 | |a internacionalizácia |
| 610 | 2 | 0 | |a Balkán |
| 610 | 2 | 0 | |a Srbsko |
| 610 | 2 | 0 | |a Macedónsko |
| 100 | 1 | |a Petríková, Hana | |
| 700 | 1 | |a Zorkóciová, Otília, 1954- | |
| 710 | 2 | |a Obchodná fakulta EU. Katedra medzinárodného obchodu | |